01349cam a22002651 4500001001300000003000400013005001700017008004100034010001700075035002000092040005200112042001200164050002300176100003500199245014600234260009200380300003500472490010400507500008700611501022500698504002700923650003100950810008500981999001701066gs 28000465 DLC20260227111333.0911112s1928 ag b b 000 0 spa c ags 28000465  a(OCoLC)24767369 aLibrary, U. S. Geological SurveycTxUdTxUdDLC apremarc00aQE231b.A35 no. 401 aWichmann, Richard,d1881-1930.10aContribución a la geología de los departamentos Chicalcó y Puelen de la parte occidental de la Pampa central,cpor Ricardo Wichmann ... aBuenos Aires,bTalleres gráficos del Ministerio de agricultura de la nación,c1928. a23 p.bfold. col. map.c27 cm.1 a[Argentine Republic] Dirección general de minas, geología e hidrología. Publicaciónvno. 40 aAt head of title: República Argentina. Ministerio de agricultura de la nación. aWith : Datos hidrológicos del Desierto de Atacama (Territorio nacional de Los Andes). Buenos Aires : Talleres gráficos del Ministerio de agricultura de la nación,1927. Bound together subsequent to publication.5DLC a"Bibliografia": p. 23. 0aGeologyzArgentinazPampa.1 aArgentina.bDirección General de Minas y Geología.tPublicación ;vno. 40. c26685d26685